| 000 | 00525nam a2200181Ia 4500 | ||
|---|---|---|---|
| 999 |
_c12891 _d12891 |
||
| 003 | OSt | ||
| 005 | 20201116105744.0 | ||
| 008 | 190216s9999||||xx |||||||||||||| ||und|| | ||
| 040 | _coclc | ||
| 082 |
_a425 _bLES/I |
||
| 100 |
_aLester, Mark _96600 |
||
| 245 | 0 |
_aIntroductory Transformational Grammar Of English / _cMark Lester |
|
| 250 | _a2nd Ed. | ||
| 260 |
_bMacmillan India Ltd, _c1976. _aNew york; |
||
| 300 | _a353p | ||
| 650 | _aEnglish Grammar | ||
| 942 |
_cBK _2ddc _h425 _iLES/I _k425 _mLES/I |
||